| 000 | 00874 a2200169 4500 | ||
|---|---|---|---|
| 003 | Nust | ||
| 005 | 20221231152329.0 | ||
| 040 | _cNust | ||
| 082 | _a629.248,BOU | ||
| 100 |
_aG.M.Boumphrey _9106572 |
||
| 245 |
_aThe Story of The Wheel / _cG.M.Boumphrey |
||
| 260 |
_alondon _bA.&C.Black _c1953. |
||
| 300 | _a96p; | ||
| 505 | _aA ‘ Penny-Farthing’ (Page-1), A Sussex Farm Waggon (Page-21,) Dish (Page-21), Egyptian Potter’s Wheel 1800 B.C (Page-35), Egyptian Potter’s Wheel 300 B.C (Page-36), Italian Potters at Work (Page-36), A Whirlicote (Page-49), A Stage Waggon(Page-55), Cugnot ’s Steam-Carriage (Page-67), Trevithick’s Steam Carriage (Page-68), A Steam-Coach (Page-69), Early Trains (Page-74), Shillibeer’s Omnibus (Page-86), A Draisine (Page-88), A ‘Bone Shaker’ (Page-89). | ||
| 650 |
_aThe Story of The Wheel _9106573 |
||
| 942 |
_2ddc _cBK |
||
| 999 |
_c194302 _d194302 |
||